1293 1093 1315 1752 1289 1505 1475 1468 1427 1143 1839 1083 1302 1022 1109 1069 1080 1853 1808 1299 1042 1143 1956 1559 1780 1770 1124 1815 1259 1264 1360 1772 1496 1835 1229 1401 1939 1790 1157 1278 1050 1555 1901 1602 1208 1530 1199 1007 1927 2000 1977 1428 1945 1810 1566 1038 1135 1792 1964 1196 1259 1740 1027 1153 1589 1109 1553 1481 1755 1599 1379 1939 1231 1550 1123 1367 1471 1842 1854 1452 1148 1008 1098 1198 1781 1174 1435 1674 1843 1862 1970 1350 1335 1940 1187 1631 1954 1036 1128 BCNSPRNW ULIB Ver.6.0+V

เปลี่ยนเป็นภาษาไทย

Change to English
 แสดงรายละเอียดบรรณานุกรม
  กลับหน้าหลัก

Brief Record : Get Marc (ISO 2709) : E-mail record : QR code < ปิดหน้าต่าง
LEADER : 00000nam 2200000uu 4500
001    13399125507
003     ULIB
008    170616s2559||||th 000 0 tha d
020    ^a9786164070561
060 04 ^aWS420^bพ728ป
100 0  ^aพิมลรัตน์ ไทยธรรมยานนท์
245 10 ^aปัญหาทารกแรกเกิดที่พบบ่อย : การแก้ไขเบื้องต้น /^cพิมลรัตน์ ไทยธรรมยานนท์ ... [และคนอื่นๆ]
250    ^aพิมพ์ครั้งที่ 1
260    ^aกรุงเทพฯ :^bภาควิชากุมารเวชศาสตร์ คณะแพทยศาสตร์จุฬาลงกรณ์มหาวิทยาลัย,^c2559.
300    ^a219 หน้า :^bภาพประกอบ;^c19 ซม.
650  4 ^aทารก, การดูแล
650  4 ^aทารกแรกเกิด
700 0  ^aสันติ ปุณณะหิตานนท์
700 0  ^aปนัดดา จันทร์สาส์น
700 0  ^aอนงค์นาถ ศิริทรัพย์
710 2  ^aจุฬาลงกรณ์มหาวิทยาลัย. ^bคณะแพทยศาสตร์. ^bภาควิชากุมารเวชศาสตร์
945    ^p0^l0^i002305
945    ^p0^l0^i002306
945    ^p0^l0^i002307
945    ^p0^l0^i002308
945    ^p0^l0^i002309
945    ^p0^l0^i002310
945    ^p180^l0^i004084
945    ^p180^l0^i004085
945    ^p180^l0^i004086
945    ^p180^l0^i004087
945    ^p180^l0^i004088
945    ^p180^l0^i004089
945    ^p180^l0^i004090
945    ^p180^l0^i004091
945    ^p180^l0^i004092
945    ^p180^l0^i004093
999    ^aวรรณษา ชูชัยมงคล
รายการนี้ยังไม่มีแท็ก
คุณยังไม่ได้ล็อกอิน คุณสามารถมีกิจกรรมร่วมกับเว็บไซต์ได้ แต่ต้องล็อกอินก่อน ::
  ล็อกอิน

รายการสื่อสารสนเทศ

ลำดับที่ ประเภท เลขเรียก/บาร์โค้ด สถานที่ สถานะ
1. หนังสือสำรอง
หนังสือสำรอง
สถานะ=หนังสือเก่า
WS420 พ728ป ฉ.1 
  Barcode: 002305
ห้องสมุดวิทยาเขตสวรรค์ประชารักษ์
►ส่วนจัดเก็บหนังสือเก่า สปร
บนชั้น
  ขอยืม
2. วิทยาศาสตร์การแพทย์ และสุขภาพ
วิทยาศาสตร์การแพทย์ และสุขภาพ
สถานะ=หนังสือเก่า
WS420 พ728ป ฉ.10 
  Barcode: 004087
ห้องสมุดวิทยาเขตสวรรค์ประชารักษ์
►ส่วนจัดเก็บหนังสือเก่า สปร
บนชั้น
  ขอยืม
3. วิทยาศาสตร์การแพทย์ และสุขภาพ
วิทยาศาสตร์การแพทย์ และสุขภาพ
สถานะ=หนังสือเก่า
WS420 พ728ป ฉ.11 
  Barcode: 004088
ห้องสมุดวิทยาเขตสวรรค์ประชารักษ์
►ส่วนจัดเก็บหนังสือเก่า สปร
บนชั้น
  ขอยืม
4. วิทยาศาสตร์การแพทย์ และสุขภาพ
วิทยาศาสตร์การแพทย์ และสุขภาพ
สถานะ=หนังสือเก่า
WS420 พ728ป ฉ.12 
  Barcode: 004089
ห้องสมุดวิทยาเขตสวรรค์ประชารักษ์
►ส่วนจัดเก็บหนังสือเก่า สปร
บนชั้น
  ขอยืม
5. วิทยาศาสตร์การแพทย์ และสุขภาพ
วิทยาศาสตร์การแพทย์ และสุขภาพ
สถานะ=หนังสือเก่า
WS420 พ728ป ฉ.13 
  Barcode: 004090
ห้องสมุดวิทยาเขตสวรรค์ประชารักษ์
►ส่วนจัดเก็บหนังสือเก่า สปร
บนชั้น
  ขอยืม
6. วิทยาศาสตร์การแพทย์ และสุขภาพ
วิทยาศาสตร์การแพทย์ และสุขภาพ
สถานะ=หนังสือเก่า
WS420 พ728ป ฉ.14 
  Barcode: 004091
ห้องสมุดวิทยาเขตสวรรค์ประชารักษ์
►ส่วนจัดเก็บหนังสือเก่า สปร
บนชั้น
  ขอยืม
7. วิทยาศาสตร์การแพทย์ และสุขภาพ
วิทยาศาสตร์การแพทย์ และสุขภาพ
สถานะ=หนังสือเก่า
WS420 พ728ป ฉ.15 
  Barcode: 004092
ห้องสมุดวิทยาเขตสวรรค์ประชารักษ์
►ส่วนจัดเก็บหนังสือเก่า สปร
บนชั้น
  ขอยืม
8. วิทยาศาสตร์การแพทย์ และสุขภาพ
วิทยาศาสตร์การแพทย์ และสุขภาพ
สถานะ=หนังสือเก่า
WS420 พ728ป ฉ.16 
  Barcode: 004093
ห้องสมุดวิทยาเขตสวรรค์ประชารักษ์
►ส่วนจัดเก็บหนังสือเก่า สปร
บนชั้น
  ขอยืม
9. วิทยาศาสตร์การแพทย์ และสุขภาพ
วิทยาศาสตร์การแพทย์ และสุขภาพ
สถานะ=หนังสือเก่า
WS420 พ728ป ฉ.2 
  Barcode: 002306
ห้องสมุดวิทยาเขตสวรรค์ประชารักษ์
►ส่วนจัดเก็บหนังสือเก่า สปร
บนชั้น
  ขอยืม
10. วิทยาศาสตร์การแพทย์ และสุขภาพ
วิทยาศาสตร์การแพทย์ และสุขภาพ
สถานะ=หนังสือเก่า
WS420 พ728ป ฉ.3 
  Barcode: 002307
ห้องสมุดวิทยาเขตสวรรค์ประชารักษ์
►ส่วนจัดเก็บหนังสือเก่า สปร
บนชั้น
  ขอยืม
11. วิทยาศาสตร์การแพทย์ และสุขภาพ
วิทยาศาสตร์การแพทย์ และสุขภาพ
สถานะ=หนังสือเก่า
WS420 พ728ป ฉ.4 
  Barcode: 002308
ห้องสมุดวิทยาเขตสวรรค์ประชารักษ์
►ส่วนจัดเก็บหนังสือเก่า สปร
บนชั้น
  ขอยืม
12. วิทยาศาสตร์การแพทย์ และสุขภาพ
วิทยาศาสตร์การแพทย์ และสุขภาพ
สถานะ=หนังสือเก่า
WS420 พ728ป ฉ.5 
  Barcode: 002309
ห้องสมุดวิทยาเขตสวรรค์ประชารักษ์
►ส่วนจัดเก็บหนังสือเก่า สปร
บนชั้น
  ขอยืม
13. วิทยาศาสตร์การแพทย์ และสุขภาพ
วิทยาศาสตร์การแพทย์ และสุขภาพ
WS420 พ728ป ฉ.6 
  Barcode: 002310
ห้องสมุดวิทยาเขตสวรรค์ประชารักษ์
►หนังสือทั่วไป
บนชั้น
14. วิทยาศาสตร์การแพทย์ และสุขภาพ
วิทยาศาสตร์การแพทย์ และสุขภาพ
สถานะ=หนังสือเก่า
WS420 พ728ป ฉ.7 
  Barcode: 004084
ห้องสมุดวิทยาเขตสวรรค์ประชารักษ์
►ส่วนจัดเก็บหนังสือเก่า สปร
บนชั้น
  ขอยืม
15. วิทยาศาสตร์การแพทย์ และสุขภาพ
วิทยาศาสตร์การแพทย์ และสุขภาพ
สถานะ=หนังสือเก่า
WS420 พ728ป ฉ.8 
  Barcode: 004085
ห้องสมุดวิทยาเขตสวรรค์ประชารักษ์
►ส่วนจัดเก็บหนังสือเก่า สปร
บนชั้น
  ขอยืม
16. วิทยาศาสตร์การแพทย์ และสุขภาพ
วิทยาศาสตร์การแพทย์ และสุขภาพ
สถานะ=หนังสือเก่า
WS420 พ728ป ฉ.9 
  Barcode: 004086
ห้องสมุดวิทยาเขตสวรรค์ประชารักษ์
►ส่วนจัดเก็บหนังสือเก่า สปร
บนชั้น
  ขอยืม

รายการใกล้เคียง
    ผู้แต่ง [พิมลรัตน์ ไทยธรรมยานนท์]

    หัวเรื่อง [ทารก, การดูแล]
    หัวเรื่อง [ทารกแรกเกิด]

BibComment


ยังไม่เคยถูกคอมเมนท์

คอมเมนท์ทรัพยากรรายการนี้
  คอมเมนท์: ปัญหาทารกแรกเกิด..


 Copyright 2026. Bcnsprnw @Library